| 000 | 00637nam a2200145 a 4500 | ||
|---|---|---|---|
| 008 | 180926s2014 ||||||||||||||||| || u | ||
| 050 | _aUNCTAD(08)RSS/64 | ||
| 100 | _aFugazza, Marco | ||
| 245 | 1 | 0 |
_aTrade in unemployment _cby Marco Fugazza |
| 260 |
_aGeneva _bUnited Nations Conference on Trade and Development (UNCTAD) _c2014 |
||
| 300 | _avi, 30 pages : illustration | ||
| 650 | 0 | _aINTERNATIONAL TRADE | |
| 650 | _aUNEMPLOYMENT | ||
| 995 |
_FCBU-MAIN LIBRARY (Kitwe) _M1 _UAVAILABLE _WSep 26, 2018 _XUnited Nations Conference on Trade And Development (UNCTAD) _ZInternational Publications |
||
| 999 |
_c60178 _d60178 |
||